| 000 | 01302nam a2200325 4500 | ||
|---|---|---|---|
| 001 | 114634 | ||
| 003 | DR-UNIBE | ||
| 005 | 20260511112948.0 | ||
| 008 | 260511b2005 dr ||||| |||| 00| 0 spa d | ||
| 040 |
_aBIBLIOTECA UNIBE _cBIBLIOTECA UNIBE _bspa _erda |
||
| 041 | _aspa | ||
| 082 | _aRD 345.72930527 P328a | ||
| 100 | 1 |
_aPaulino Baldera, Cristian de Jesús _eautor _9194006 |
|
| 245 | 1 | 3 |
_aArresto, registro y allanamiento : _ben el nuevo proceso penal / _cCristian de Jesús Paulino Baldera |
| 260 |
_aMoca : _bEditora Dalis, _c2005 |
||
| 300 | _a290 páginas | ||
| 500 | _aEn la cubierta: ley, doctrina, jurisprudencia, formularios | ||
| 505 | _aEl arresto | El registro | Los allanamientos | La prueba | Formularios | | ||
| 650 | 7 |
_2lemb _aCoacción (Derecho) _zRepública Dominicana _9204793 |
|
| 650 | 7 |
_2lemb _aDetención preventiva _zRepública Dominicana _9204794 |
|
| 650 | 7 |
_2lemb _aProcedimiento penal _zRepública Dominicana _915663 |
|
| 650 | 7 |
_2lemb _aProceso penal |
|
| 650 | 7 |
_2lemb _aJurisprudencia penal _950252 |
|
| 650 | 7 |
_2lemb _aAdministración de justicia penal |
|
| 650 | 7 |
_2lemb _aDerecho penal |
|
| 650 | 7 |
_2lemb _aMedidas cautelares |
|
| 650 | 7 |
_2lemb _aRecursos provisionales _929411 |
|
| 700 | 1 |
_aRomán Pérez, Teresa _ediagramador _9196066 |
|
| 942 |
_2ddc _cBK |
||
| 999 |
_c114634 _d114634 |
||